Doprava zabezpečovaná zamestnávateľom

Zákon o dani z príjmov sa s účinnosťou od 1. januára 2018 novelizoval aj zákonom č. 344/2017 Z. z. Predmetom novely je aj doprava zamestnancov do zamestnania a späť hradená zamestnávateľom, a to z pohľadu zamestnancov aj z pohľadu zamestnávateľa. Uznaným daňovým výdavkom sú aj výdavky zamestnávateľa...

Description complète

Enregistré dans:
Détails bibliographiques
Auteur principal: Valterová, Ivana
Format: Chapitre de livre
Langue:slovaque
Sujets:
Tags: Ajouter un tag
Pas de tags, Soyez le premier à ajouter un tag!

MARC

LEADER 00000naa a2200000 4500
001 0243865
005 20180605140831.6
041 0 |a slo 
044 |a SK 
245 1 0 |a Doprava zabezpečovaná zamestnávateľom  |c Ivana Valterová 
520 |a Zákon o dani z príjmov sa s účinnosťou od 1. januára 2018 novelizoval aj zákonom č. 344/2017 Z. z. Predmetom novely je aj doprava zamestnancov do zamestnania a späť hradená zamestnávateľom, a to z pohľadu zamestnancov aj z pohľadu zamestnávateľa. Uznaným daňovým výdavkom sú aj výdavky zamestnávateľa na dopravu zamestnanca na miesto výkonu práce a späť z dôvodu, že verejným poskytovateľom dopravy nie je doprava preukázateľne vykonávaná vôbec alebo v rozsahu zodpovedajúcom potrebám zamestnávateľa. 
610 2 0 |a zamestnávatelia 
610 2 0 |a zamestnanci 
610 2 0 |a doprava 
610 2 0 |a dane z príjmov 
610 2 0 |a oslobodenie od daní 
610 2 0 |a novelizácia 
610 2 0 |a legislatíva 
100 1 |a Valterová, Ivana